Central Library OPAC University of Rajshahi

শহীদ মিনার / (Record no. 74583)

MARC details
000 -LEADER
fixed length control field 00783nam a22002417a 4500
001 - CONTROL NUMBER
control field 74583
003 - CONTROL NUMBER IDENTIFIER
rucl marc code BD-RjUL
005 - DATE AND TIME OF LATEST TRANSACTION
control field 20211209082555.0
008 - FIXED-LENGTH DATA ELEMENTS--GENERAL INFORMATION
fixed length control field 181029s1985 bg ||||| |||| 00| 0 eng d
020 ## - INTERNATIONAL STANDARD BOOK NUMBER
Terms of availability : Tk. 15.00
035 ## - SYSTEM CONTROL NUMBER
System control number (BD-RjUL)74801
040 ## - CATALOGING SOURCE
Original cataloging agency BD-RjUL
Language of cataloging ben
Transcribing agency BD-RjUL
041 ## - LANGUAGE CODE
Language code of text/sound track or separate title ben
082 ## - DEWEY DECIMAL CLASSIFICATION NUMBER
Edition number 23
Classification number 306.4495492
Author mark and year ISB 1985
100 ## - MAIN ENTRY--PERSONAL NAME
Personal name ইসলাম, রফিকুল
9 (RLIN) 224419
245 ## - TITLE STATEMENT
Title শহীদ মিনার /
Statement of responsibility, etc. রফিকুল ইসলাম
300 ## - PHYSICAL DESCRIPTION
Pagination ১০২ পৃ. ;
Illustrations ১৯ সেমি.
490 ## - SERIES STATEMENT
Series statement বা / এ ;
Volume/sequential designation ১৭৮০
650 ## - SUBJECT ADDED ENTRY--TOPICAL TERM
Topical term or geographic name as entry element বাংলা ভাষা আন্দোলন
9 (RLIN) 224420
Topical term or geographic name as entry element Bengali language movement
9 (RLIN) 224421
830 ## - SERIES ADDED ENTRY--UNIFORM TITLE
Uniform title বা / এ ;
Volume number/sequential designation ১৭৮০
942 ## - ADDED ENTRY ELEMENTS (KOHA)
Source of classification or shelving scheme Dewey Decimal Classification
Koha item type Books
Holdings
Lost status Source of classification or shelving scheme Damaged status Not for loan Collection code Permanent Location Current Location Shelving location Date acquired Source of acquisition Cost, normal purchase price Total Checkouts Full call number Date last seen Copy number Koha item type
  Dewey Decimal Classification   Not For Loan Non-fiction Central Library, University of Rajshahi Central Library, University of Rajshahi Reading Room 29/03/1987 Bangla Academy, Dhaka 15.00   B 306.4495492 ISB 1985 29/10/2018 C-1 Books
  Dewey Decimal Classification     Non-fiction Central Library, University of Rajshahi Central Library, University of Rajshahi   29/03/1987 Dhaka, Bangla Academy 15.00   B 306.4495492 ISB 1985 17/11/2019 C-2 Books